Normal view
MARC view
- Ariffin Haji Zainal
Entry Personal Name
001 - CONTROL NUMBER
- control field: 6329
003 - CONTROL NUMBER IDENTIFIER
- control field: OSt
005 - DATE AND TIME OF LATEST TRANSACTION
- control field: 20170519100609.0
008 - FIXED-LENGTH DATA ELEMENTS
- fixed length control field: 170519|| aca||aabn | a|a d
040 ## - CATALOGING SOURCE
- Original cataloging agency: OSt
- Transcribing agency: OSt
100 ## - HEADING--PERSONAL NAME
- Personal name: Ariffin Haji Zainal
670 ## - SOURCE DATA FOUND
- Source citation: Work cat.: (OSt): Ariffin Haji Zainal, Pekerja dan Pekerjaan :, 1985

PORTAL AKMAL
E-MEL JKDM
AKMAL2U
G-BAM
u-PUSTAKA